Loading...
| Fine Arts - Classical Music | 7 | 18.57 | 100% | 71% | 14% |
| Fine Arts - Other Fine Arts | 5 | 6.00 | 40% | 20% | 0% |
| Fine Arts - Painting & Sculpture | 8 | 16.25 | 100% | 63% | 0% |
| History - American History | 2 | 15.00 | 100% | 50% | 0% |
| History - European History | 6 | 13.33 | 83% | 50% | 0% |
| History - Other History | 4 | 15.00 | 75% | 75% | 0% |
| History - World History | 7 | 15.71 | 100% | 57% | 0% |
| Literature - American Literature | 5 | 16.00 | 100% | 60% | 0% |
| Literature - British Literature | 6 | 15.00 | 100% | 50% | 0% |
| Literature - European Literature | 6 | 21.67 | 100% | 100% | 17% |
| Literature - World Literature | 6 | 20.00 | 100% | 83% | 17% |
| Mythology | 5 | 16.00 | 100% | 60% | 0% |
| Other | 7 | 15.71 | 100% | 43% | 14% |
| Philosophy | 5 | 20.00 | 100% | 80% | 20% |
| Religion | 4 | 17.50 | 100% | 50% | 25% |
| Science - Biology | 4 | 22.50 | 100% | 100% | 25% |
| Science - Chemistry | 7 | 18.57 | 100% | 71% | 14% |
| Science - Other Science | 6 | 16.67 | 100% | 50% | 17% |
| Science - Physics | 4 | 15.00 | 100% | 25% | 25% |
| Social Science | 7 | 14.29 | 100% | 43% | 0% |